00951cam a2200229 i 450000500170000000800410001701000150005802000180007304000550009104100080014610000200015424501640017425000220033826000810036030000240044149000540046565000550051965000460057465000340062070000330065470000340068720170710152142.0160809r2015 xxu r 001 0 eng d a2014022671 a9781118903322 aCO-BoUCMbspabspacSandra PalaciodSandra Palacio0 aeng1 aBanta, Trudy W.10aAssessment essentialsbplanning, implementing, and improving assessment in higher educationcTrudy W. Banta, Catherine A. Palomba ; prefacio por Jillian Kinzie aSegunda edición aSan Francisco (California, Estados Unidos)bJossey-Bass a Willey Brandc2015 axxiv, 339 páginas0 aThe Jossey-Bass higher and adult education series 7aEducación superiorzEstados UnidosvEvaluación 7aExámenes universitarioszEstados Unidos 7aUniversidadeszEstados Unidos1 aPalomba, Catherine A.d1943-1 aKinzie, Jillian L.eprólogo